Countries by shape - Africa Quiz Stats

 Plays Quiz not verified by Sporcle

Support Sporcle.
Go Orange.
Score 0/54 Timer 12:00
0 Plays Today
% Correct
Egypt
92.8%
South Africa
91.7%
Madagascar
90.9%
Morocco
90.9%
Somalia
90.2%
Senegal
89.8%
Benin
89%
Comoros
89%
Mozambique
89%
Gambia
88.6%
Namibia
88.3%
Malawi
86.7%
Togo
86.7%
Mali
86.4%
Seychelles
86.4%
Cabo verde
85.2%
Ghana
84.5%
Equatorial guinea
84.1%
Eritrea
84.1%
Libya
84.1%
Sao tome and principe
84.1%
Mauritius
83.3%
Algeria
83%
Angola
81.8%
Ethiopia
81.8%
Cameroon
81.4%
Chad
81.4%
% Correct
Democratic republic of the Congo
81.4%
Zambia
81.1%
Sudan
80.7%
Tunisia
79.9%
Guinea-bissau
78%
Liberia
78%
eSwatini
77.3%
Mauritania
76.1%
Burkina faso
74.6%
Central african republic
74.6%
Guinea
74.6%
Cote d’ivoire
74.2%
Gabon
74.2%
Kenya
74.2%
Tanzania
74.2%
Niger
73.1%
Republic of the Congo
71.2%
Sierra leone
71.2%
Zimbabwe
71.2%
South Sudan
68.2%
Lesotho
67.4%
Nigeria
67%
Botswana
65.9%
Burundi
65.9%
Djibouti
65.9%
Rwanda
64.8%
Uganda
64.8%

You're not logged in!

Compare scores with friends on all Sporcle quizzes.
OR
Log In

From the Vault

Connecting Clever Chains

by Qaqaq

You can make a chain out of anything if you have enough glue and duct tape.
Remove Ads.
Support Sporcle.
Get the best of Sporcle when you Go Orange. This ad-free experience offers more features, more stats, and more fun while also helping to support Sporcle. Thank you for becoming a member.

Show Comments

Extras

Top Quizzes Today


Score Distribution

Your Account Isn't Verified!

In order to create a playlist on Sporcle, you need to verify the email address you used during registration. Go to your Sporcle Settings to finish the process.

Report this User

Report this user for behavior that violates our Community Guidelines.

Details: